Score 0/36 Timer 10:00
7 Plays Today
Question Answer Wrong Answers
Blow, Blow, Thou Winter Wind Shakespeare
90.6%
Taylor Swift
2.7%
A Madrigal Shakespeare
89.6%
Taylor Swift
3.7%
Bad Blood Taylor Swift
88.7%
Shakespeare
4.7%
Venus And Adonis Shakespeare
88.6%
Taylor Swift
4.8%
Aubade Shakespeare
87.3%
Taylor Swift
5.9%
The Quality Of Mercy Shakespeare
87.2%
Taylor Swift
6%
You're Not Sorry Taylor Swift
87%
Shakespeare
6.4%
It Was A Lover And His Lass Shakespeare
86.6%
Taylor Swift
6.8%
Love Story Taylor Swift
85.8%
Shakespeare
7.6%
Sparks Fly Taylor Swift
85.6%
Shakespeare
7.8%
Tim McGraw Taylor Swift
85.1%
Shakespeare
8.2%
Wildest Dreams Taylor Swift
85%
Shakespeare
8.5%
Now The Hungry Lion Roars Shakespeare
82.6%
Taylor Swift
10.7%
A Lover's Complaint Shakespeare
82.4%
Taylor Swift
10.9%
The Way I Loved You Taylor Swift
81.5%
Shakespeare
11.9%
All The World's A Stage Shakespeare
80.7%
Taylor Swift
12.8%
Silvia Shakespeare
80.4%
Taylor Swift
12.9%
Under The Greenwood Tree Shakespeare
80.1%
Taylor Swift
13.2%
White Horse Taylor Swift
79.9%
Shakespeare
13.4%
Spring And Winter Shakespeare
79.1%
Taylor Swift
14.1%
Untouchable Taylor Swift
77.7%
Shakespeare
15.5%
Cold as You Taylor Swift
77.7%
Shakespeare
15.6%
The Blossom Shakespeare
77%
Taylor Swift
16.4%
This Love Taylor Swift
76.8%
Shakespeare
16.5%
Full Fathom Five Shakespeare
76.7%
Taylor Swift
16.7%
New Year's Day Taylor Swift
76.6%
Shakespeare
16.9%
Today Was a Fairytale Taylor Swift
75.2%
Shakespeare
18.2%
Haunted Taylor Swift
72.4%
Shakespeare
21.2%
Out of the Woods Taylor Swift
70.7%
Shakespeare
22.7%
A Fairy Song Shakespeare
65%
Taylor Swift
28.5%
Bridal Song Shakespeare
64.2%
Taylor Swift
29.4%
Sad Beautiful Tragic Taylor Swift
64%
Shakespeare
29.5%
Fear No More Shakespeare
61.5%
Taylor Swift
31.9%
State of Grace Taylor Swift
59%
Shakespeare
34.5%
Love Shakespeare
53.1%
Taylor Swift
40.2%
Holy Ground Taylor Swift
48.3%
Shakespeare
45.1%
Remove Ads.
Support Sporcle.
Get the best of Sporcle when you Go Orange. This ad-free experience offers more features, more stats, and more fun while also helping to support Sporcle. Thank you for becoming a member.

You're not logged in!

Compare scores with friends on all Sporcle quizzes.
OR
Log In

Show Comments

Extras

Top Quizzes Today


Score Distribution

Your Account Isn't Verified!

In order to create a playlist on Sporcle, you need to verify the email address you used during registration. Go to your Sporcle Settings to finish the process.

Report this User

Report this user for behavior that violates our Community Guidelines.

Details: